| 000 | 00641nam a2200181Ia 4500 | ||
|---|---|---|---|
| 005 | 20260429112238.0 | ||
| 008 | 260429s9999||||xx |||||||||||||| ||und|| | ||
| 020 | _a9788197038525 | ||
| 041 | _aHindi | ||
| 082 |
_a297.1 _bSAN |
||
| 100 | _aसांकृत्यायन, राहुल | ||
| 245 | 0 |
_aइस्लाम धर्म की रूपरेखा / _cराहुल सांकृत्यायन |
|
| 250 | _a1st ed. | ||
| 260 |
_aनई दिल्ली : _bप्रकाशन संस्थान, _c2024. |
||
| 300 | _a104 p.; Hb | ||
| 650 | _aइस्लाम के स्रोत | ||
| 942 | _cTB | ||
| 999 |
_c53096 _d53096 |
||